000 00368nam a22001337a 4500
008 230619b xxu||||| |||| 00| 0 eng d
020 _a085255401X
082 _a304.67
_bOMI
100 _cS.H Ominde
245 _aKenyas population Growth and Development to the year 2000 AD
260 _aNairobi, Kenya
_bHeinemann Kenya LTD
_c1988
300 _a141p
942 _2ddc
_cBK
999 _c1379
_d1379